[Event "Liechtenstein op 25th"]
[Site "Triesen"]
[Date "2007.05.16"]
[Round "6"]
[White "Moser, Eva"]
[Black "Simon, Eric"]
[Result "1-0"]
[WhiteElo "2405"]
[BlackElo "2125"]
[PlyCount "79"]
[EventDate "2007.05.11"]
[EventType "swiss"]
[EventRounds "9"]
[EventCountry "LIE"]
[SourceTitle "CBM 118 Extra"]
[Source "ChessBase"]
[SourceDate "2007.07.04"]
[SourceVersion "1"]
[SourceVersionDate "2007.07.04"]
[SourceQuality "1"]

1. g3 Nf6 2. Bg2 d5 3. Nf3 e6 4. O-O Be7 5. d3 O-O 6. Nbd2 Nbd7 7. e4 dxe4 8.
dxe4 e5 9. Qe2 c6 10. b3 Qc7 11. Bb2 Re8 12. a4 b6 13. Rfd1 Bf8 14. Qe1 Bb7 15.
Nc4 Ba6 16. Bf1 Bxc4 17. Bxc4 h6 18. Nh4 Nc5 19. f3 Ne6 20. Nf5 Ng5 21. Qe2
Rad8 22. Kh1 Kh7 23. Rxd8 Rxd8 24. Rd1 Rxd1+ 25. Qxd1 g6 26. Nh4 Nh5 27. Bf1
Qd6 28. Qxd6 Bxd6 29. Be2 Ng7 30. Ng2 f6 31. Ne3 Bc5 32. Bc1 N5e6 33. Ng4 Be7
34. Nxh6 Nd4 35. Bd1 Ne8 36. Ng4 Nc7 37. Kg2 Nde6 38. Be3 Bc5 39. Bxc5 Nxc5 40.
Nxf6+ 1-0

[Event "Liechtenstein op 25th"]
[Site "Triesen"]
[Date "2007.05.15"]
[Round "5"]
[White "Bezler, Rainer"]
[Black "Moser, Eva"]
[Result "1-0"]
[WhiteElo "2216"]
[BlackElo "2405"]
[PlyCount "53"]
[EventDate "2007.05.11"]
[EventType "swiss"]
[EventRounds "9"]
[EventCountry "LIE"]
[SourceTitle "CBM 118 Extra"]
[Source "ChessBase"]
[SourceDate "2007.07.04"]
[SourceVersion "1"]
[SourceVersionDate "2007.07.04"]
[SourceQuality "1"]

1. e4 c5 2. Nf3 Nc6 3. d4 cxd4 4. Nxd4 e5 5. Nb5 d6 6. c4 Be7 7. N1c3 a6 8. Na3
f5 9. exf5 Bxf5 10. Bd3 Be6 11. O-O Nf6 12. Ne4 Qd7 13. f4 Bg4 14. Nxf6+ Bxf6
15. Be2 Bxe2 16. Qxe2 O-O 17. Be3 Rfe8 18. Qd2 Nd4 19. Nc2 Nxc2 20. Qxc2 exf4
21. Bxf4 Bd4+ 22. Kh1 Qg4 23. Bg3 Re2 24. Qd3 Rae8 25. Rad1 R8e4 26. Qf3 Qxf3
27. gxf3 1-0

[Event "Liechtenstein op 25th"]
[Site "Triesen"]
[Date "2007.05.14"]
[Round "4"]
[White "Moser, Eva"]
[Black "Kritz, Leonid"]
[Result "0-1"]
[WhiteElo "2405"]
[BlackElo "2593"]
[PlyCount "131"]
[EventDate "2007.05.11"]
[EventType "swiss"]
[EventRounds "9"]
[EventCountry "LIE"]
[SourceTitle "CBM 118 Extra"]
[Source "ChessBase"]
[SourceDate "2007.07.04"]
[SourceVersion "1"]
[SourceVersionDate "2007.07.04"]
[SourceQuality "1"]

1. d4 Nf6 2. Nf3 a6 3. g3 b5 4. Bg2 Bb7 5. O-O e6 6. a4 Be7 7. Bg5 b4 8. a5 d5
9. Nbd2 Nbd7 10. c4 bxc3 11. bxc3 h6 12. Bxf6 Bxf6 13. c4 O-O 14. cxd5 Bxd5 15.
Qa4 c5 16. e4 Bb7 17. Rab1 Rb8 18. Rfc1 cxd4 19. Nxd4 Nc5 20. Rxc5 Bxd4 21. Rc2
Ba7 22. Rcb2 Qc7 23. Qc2 Qe7 24. Nc4 Bd4 25. Rb3 Ba7 26. Nb6 Rbd8 27. h4 Bb8
28. Na4 Ba8 29. Nb6 Be5 30. Nxa8 Rxa8 31. Rb7 Qa3 32. Qd2 Bc3 33. Qd7 Qxa5 34.
Qc7 Qxc7 35. Rxc7 Be5 36. Rc5 Bd4 37. Ra5 Rfb8 38. Rxb8+ Rxb8 39. Rxa6 Rb2 40.
Ra8+ Kh7 41. Kh2 Bxf2 42. Ra3 Bd4 43. Rd3 Be5 44. h5 Rb8 45. Ra3 Kg8 46. Ra5
Bc3 47. Ra3 Bd4 48. Rd3 Be5 49. Rf3 Kf8 50. Rd3 Ke7 51. Ra3 Rb7 52. Rf3 Ra7 53.
Kh3 Ba1 54. Rb3 Kf6 55. Bf3 Ra2 56. Bg2 Kg5 57. Rb5+ e5 58. Rb7 Rf2 59. Rb1 Bd4
60. Rf1 Kxh5 61. Rxf2 Bxf2 62. Bf1 Kg5 63. Kg2 Be1 64. Kf3 h5 65. Bc4 f6 66.
Bd3 0-1

[Event "Liechtenstein op 25th"]
[Site "Triesen"]
[Date "2007.05.13"]
[Round "3"]
[White "Pavlovic, Milos"]
[Black "Moser, Eva"]
[Result "1/2-1/2"]
[WhiteElo "2534"]
[BlackElo "2405"]
[PlyCount "86"]
[EventDate "2007.05.11"]
[EventType "swiss"]
[EventRounds "9"]
[EventCountry "LIE"]
[SourceTitle "CBM 118 Extra"]
[Source "ChessBase"]
[SourceDate "2007.07.04"]
[SourceVersion "1"]
[SourceVersionDate "2007.07.04"]
[SourceQuality "1"]

1. c4 e5 2. Nc3 Nc6 3. g3 Bb4 4. Nd5 Bc5 5. Bg2 Nf6 6. e3 Nxd5 7. cxd5 Ne7 8.
Ne2 c6 9. d4 exd4 10. exd4 Bb4+ 11. Bd2 Bxd2+ 12. Qxd2 Nxd5 13. Bxd5 cxd5 14.
Qe3+ Kf8 15. O-O d6 16. Nf4 g6 17. Rfe1 Bd7 18. Nxd5 Kg7 19. Rac1 Re8 20. Qf4
Rxe1+ 21. Rxe1 Be6 22. Nc3 d5 23. Rc1 Rc8 24. Ne2 Rxc1+ 25. Nxc1 f6 26. Ne2 Qb6
27. Qe3 Bf7 28. b3 Qa5 29. Nc3 Qb4 30. Kg2 h5 31. h4 a6 32. Ne2 Qe1 33. Nc3 Qa1
34. Qd2 Be6 35. Qe3 Bf7 36. Qd2 Be6 37. f3 Bf7 38. Kh2 Be6 39. Kg2 Bf7 40. Na4
Be6 41. Nc5 Bc8 42. Na4 Be6 43. Nc3 Bf7 1/2-1/2

[Event "Liechtenstein op 25th"]
[Site "Triesen"]
[Date "2007.05.12"]
[Round "2"]
[White "Moser, Eva"]
[Black "Benes, Petr1"]
[Result "1-0"]
[WhiteElo "2405"]
[BlackElo "2153"]
[PlyCount "93"]
[EventDate "2007.05.11"]
[EventType "swiss"]
[EventRounds "9"]
[EventCountry "LIE"]
[SourceTitle "CBM 118 Extra"]
[Source "ChessBase"]
[SourceDate "2007.07.04"]
[SourceVersion "1"]
[SourceVersionDate "2007.07.04"]
[SourceQuality "1"]

1. e4 Nc6 2. Nf3 d6 3. d4 Bg4 4. Be3 Nf6 5. Nc3 e6 6. h3 Bh5 7. d5 exd5 8. exd5
Ne5 9. g4 Nxf3+ 10. Qxf3 Bg6 11. O-O-O a6 12. Bd4 Be7 13. Qe2 O-O 14. f4 h6 15.
Bg2 Nd7 16. Kb1 Re8 17. Qd2 Bh4 18. Bf3 b5 19. Qg2 Qe7 20. Rd2 b4 21. Re2 Qf8
22. Ne4 f6 23. g5 hxg5 24. fxg5 f5 25. Nd2 a5 26. Re6 Qf7 27. Bd1 a4 28. Nf3
Nf8 29. Rxe8 Rxe8 30. Nxh4 Re4 31. Nxg6 Nxg6 32. c3 Qxd5 33. Bf3 c5 34. Bxe4
fxe4 35. Re1 cxd4 36. Qxe4 Qxg5 37. Qxd4 bxc3 38. Qxc3 d5 39. Qc8+ Kh7 40. Qg4
Qxg4 41. hxg4 Kh6 42. b4 axb3 43. axb3 Nf4 44. b4 Nd3 45. Rh1+ Kg5 46. b5 Kf4
47. Rd1 1-0

[Event "Liechtenstein op 25th"]
[Site "Triesen"]
[Date "2007.05.11"]
[Round "1"]
[White "Kleinhenz, Hans Georg"]
[Black "Moser, Eva"]
[Result "0-1"]
[WhiteElo "2020"]
[BlackElo "2405"]
[PlyCount "84"]
[EventDate "2007.05.11"]
[EventType "swiss"]
[EventRounds "9"]
[EventCountry "LIE"]
[SourceTitle "CBM 118 Extra"]
[Source "ChessBase"]
[SourceDate "2007.07.04"]
[SourceVersion "1"]
[SourceVersionDate "2007.07.04"]
[SourceQuality "1"]

1. d4 Nf6 2. c4 g6 3. Nc3 Bg7 4. e4 O-O 5. Be2 c6 6. Bg5 d5 7. cxd5 cxd5 8.
Bxf6 Bxf6 9. e5 Bg7 10. Bf3 e6 11. Nge2 f6 12. exf6 Qxf6 13. Qd2 Nc6 14. Rd1
Bd7 15. O-O h5 16. Nb1 Be8 17. Na3 g5 18. h3 Bh6 19. Qc3 Bg6 20. Nc2 Rac8 21.
Ne3 Kh8 22. Ng3 Qf7 23. Qd2 Bg7 24. Ne2 Qg8 25. Rfe1 Qh7 26. Rc1 a5 27. a3 a4
28. Nf1 Bh6 29. Ne3 Rxf3 30. gxf3 Rf8 31. Qd1 Rxf3 32. Qxa4 Qf7 33. Nd1 Rxh3
34. Rc3 g4 35. Qb3 Rf3 36. Rxf3 gxf3 37. Ng3 h4 38. Nf1 Be4 39. Nde3 Nxd4 40.
Qb6 Ne2+ 41. Kh2 Bf4+ 42. Kh3 Ng1+ 0-1

[Event "EU-ch (Women) 8th"]
[Site "Dresden"]
[Date "2007.04.14"]
[Round "11"]
[White "Korbut, Ekaterina"]
[Black "Moser, Eva"]
[Result "1/2-1/2"]
[WhiteElo "2452"]
[BlackElo "2416"]
[PlyCount "44"]
[EventDate "2007.04.03"]
[EventType "swiss"]
[EventRounds "11"]
[EventCountry "GER"]
[SourceTitle "CBM 117 Extra"]
[Source "ChessBase"]
[SourceDate "2007.05.09"]
[SourceVersion "1"]
[SourceVersionDate "2007.05.09"]
[SourceQuality "1"]

1. e4 e6 2. d4 d5 3. Nc3 Nf6 4. e5 Nfd7 5. f4 c5 6. Nf3 Nc6 7. Be3 Be7 8. Qd2
a6 9. g3 b5 10. Bg2 b4 11. Ne2 O-O 12. O-O a5 13. dxc5 Nxc5 14. Nfd4 Nxd4 15.
Nxd4 Ba6 16. Rf2 Ne4 17. Bxe4 dxe4 18. Rd1 Qc7 19. Qe1 Rfd8 20. Rfd2 Bc5 21. g4
Qb6 22. f5 Bd3 1/2-1/2

[Event "EU-ch (Women) 8th"]
[Site "Dresden"]
[Date "2007.04.13"]
[Round "10"]
[White "Moser, Eva"]
[Black "Danielian, Elina"]
[Result "1/2-1/2"]
[WhiteElo "2416"]
[BlackElo "2426"]
[PlyCount "73"]
[EventDate "2007.04.03"]
[EventType "swiss"]
[EventRounds "11"]
[EventCountry "GER"]
[SourceTitle "CBM 117 Extra"]
[Source "ChessBase"]
[SourceDate "2007.05.09"]
[SourceVersion "1"]
[SourceVersionDate "2007.05.09"]
[SourceQuality "1"]

1. e4 c6 2. d4 d5 3. e5 Bf5 4. c4 e6 5. Nc3 Ne7 6. c5 b6 7. b4 a5 8. Bg5 Qc7 9.
a3 Nd7 10. Bd2 f6 11. f4 g5 12. exf6 Nxf6 13. fxg5 Ne4 14. Nxe4 Bxe4 15. Nh3 e5
16. Nf2 exd4 17. cxb6 Qxb6 18. Bd3 Bg7 19. O-O O-O 20. bxa5 Qa7 21. Qc2 Bxd3
22. Nxd3 Qa6 23. Bb4 Rxf1+ 24. Rxf1 Ng6 25. Nc5 Qc4 26. Rc1 Qxc2 27. Rxc2 Ne5
28. Ne6 Nc4 29. Rc1 d3 30. Nxg7 Kxg7 31. Rd1 d2 32. Bxd2 Nxd2 33. Rxd2 Rxa5 34.
Rd3 Kg6 35. h4 Ra4 36. Rc3 Rxh4 37. Rxc6+ 1/2-1/2

[Event "EU-ch (Women) 8th"]
[Site "Dresden"]
[Date "2007.04.11"]
[Round "8"]
[White "Moser, Eva"]
[Black "Houska, Jovanka"]
[Result "1-0"]
[WhiteElo "2416"]
[BlackElo "2384"]
[PlyCount "73"]
[EventDate "2007.04.03"]
[EventType "swiss"]
[EventRounds "11"]
[EventCountry "GER"]
[SourceTitle "CBM 117 Extra"]
[Source "ChessBase"]
[SourceDate "2007.05.09"]
[SourceVersion "1"]
[SourceVersionDate "2007.05.09"]
[SourceQuality "1"]

1. e4 c6 2. d4 d5 3. e5 c5 4. dxc5 e6 5. Be3 Nh6 6. Nf3 Nf5 7. Bg5 Qa5+ 8. c3
Qxc5 9. Bd3 Qb6 10. Qe2 a5 11. O-O h6 12. Bc1 Nd7 13. c4 dxc4 14. Bxc4 Be7 15.
Nc3 O-O 16. Rd1 Nc5 17. g4 Nh4 18. Nxh4 Bxh4 19. Be3 Qc6 20. Rd6 Qc7 21. Nb5
Qe7 22. Bxc5 b6 23. Ba3 Qg5 24. Rxb6 Rd8 25. Nd6 Bd7 26. Rf1 Rdb8 27. Rxb8+
Rxb8 28. f4 Qd8 29. Bc5 Bc6 30. f5 Qe7 31. b3 a4 32. fxe6 fxe6 33. Rf7 Qg5 34.
Bxe6 Kh7 35. Qd3+ Kh8 36. Rf1 Bf2+ 37. Bxf2 1-0

[Event "EU-ch (Women) 8th"]
[Site "Dresden"]
[Date "2007.04.08"]
[Round "6"]
[White "Juergens, Vera"]
[Black "Moser, Eva"]
[Result "0-1"]
[WhiteElo "2290"]
[BlackElo "2416"]
[PlyCount "180"]
[EventDate "2007.04.03"]
[EventType "swiss"]
[EventRounds "11"]
[EventCountry "GER"]
[SourceTitle "CBM 117 Extra"]
[Source "ChessBase"]
[SourceDate "2007.05.09"]
[SourceVersion "1"]
[SourceVersionDate "2007.05.09"]
[SourceQuality "1"]

1. d4 e6 2. g3 c5 3. Nf3 Nc6 4. Bg2 cxd4 5. Nxd4 Qb6 6. Nb3 d5 7. O-O Nf6 8.
Nc3 Be7 9. a4 O-O 10. Be3 Qd8 11. h3 Ne5 12. Qc1 Nc4 13. Rd1 Nxe3 14. Qxe3 Bd7
15. Qf4 Rc8 16. e4 dxe4 17. Rd4 Qc7 18. Qe3 a6 19. Rad1 e5 20. R4d2 Bb4 21. g4
Bxc3 22. bxc3 Bxa4 23. g5 Nh5 24. Qxe4 Bc6 25. Qg4 Bxg2 26. Qxh5 Bc6 27. Nc5
Rcd8 28. Qe2 Qe7 29. Qe3 Rxd2 30. Rxd2 Rd8 31. Nd3 Qd6 32. f3 Qd5 33. Rf2 e4
34. Nb4 Qd1+ 35. Rf1 Qd2 36. Qxd2 Rxd2 37. Nxc6 bxc6 38. Re1 Rxc2 39. Rxe4 Kf8
40. Rc4 a5 41. Rxc6 a4 42. Ra6 Rxc3 43. Rxa4 Rxf3 44. Kg2 Rf5 45. h4 g6 46. Kg3
Kg7 47. Kg4 h6 48. Ra8 Rf1 49. Kg3 Rg1+ 50. Kh2 Rb1 51. Ra4 Rb3 52. Rf4 hxg5
53. hxg5 Kf8 54. Re4 Rb5 55. Rg4 Ke7 56. Kh3 Ke6 57. Rg2 Rb3+ 58. Kg4 Rb4+ 59.
Kh3 Kf5 60. Rg1 Rb3+ 61. Kh4 Rb4+ 62. Kh3 Rf4 63. Rg3 Rf2 64. Rg1 Rf3+ 65. Kh4
Kf4 66. Re1 Rf2 67. Rh1 Kf5 68. Rg1 Rf3 69. Rg2 Rf1 70. Rh2 Rf4+ 71. Kh3 Kxg5
72. Rg2+ Kf5 73. Ra2 Rf3+ 74. Kg2 Kg4 75. Ra4+ Rf4 76. Ra3 g5 77. Rg3+ Kf5 78.
Rb3 f6 79. Kg3 Rg4+ 80. Kf3 Rf4+ 81. Kg3 Re4 82. Rb5+ Re5 83. Rb4 Re3+ 84. Kf2
Ra3 85. Kg2 Ra2+ 86. Kg3 Ra3+ 87. Kg2 g4 88. Kf2 Ra2+ 89. Kg3 Ra3+ 90. Kg2 Kg5
0-1

[Event "EU-ch (Women) 8th"]
[Site "Dresden"]
[Date "2007.04.07"]
[Round "5"]
[White "Moser, Eva"]
[Black "Umudova, Nargiz"]
[Result "1-0"]
[WhiteElo "2416"]
[BlackElo "2216"]
[PlyCount "107"]
[EventDate "2007.04.03"]
[EventType "swiss"]
[EventRounds "11"]
[EventCountry "GER"]
[SourceTitle "CBM 117 Extra"]
[Source "ChessBase"]
[SourceDate "2007.05.09"]
[SourceVersion "1"]
[SourceVersionDate "2007.05.09"]
[SourceQuality "1"]

1. d4 Nf6 2. g3 g6 3. Bg2 d5 4. c4 c6 5. Qa4 Bg7 6. cxd5 Nxd5 7. Nf3 O-O 8. O-O
Nb6 9. Qc2 Bf5 10. e4 Bg4 11. Ne5 Bxe5 12. dxe5 Qd4 13. Qc3 Qxc3 14. Nxc3 N8d7
15. f4 Be6 16. b3 f5 17. exf6 exf6 18. Be3 a5 19. Rad1 a4 20. Nxa4 Nxa4 21.
bxa4 Rf7 22. Rb1 Nf8 23. Rb4 Rd7 24. Bd4 Kf7 25. a3 b5 26. axb5 cxb5 27. f5
gxf5 28. exf5 Bd5 29. Bb2 Bxg2 30. Kxg2 Rd5 31. Rf2 Rc8 32. Rd4 Rxd4 33. Bxd4
Rc4 34. Rd2 b4 35. a4 b3 36. a5 Ra4 37. Be3 Rc4 38. Bd4 Ra4 39. Bb6 Rb4 40. Rb2
Nd7 41. Bf2 Ra4 42. Rxb3 Rxa5 43. Rb7 Ke8 44. g4 h5 45. gxh5 Rxf5 46. h6 Rg5+
47. Kf3 Rh5 48. Be3 Rxh2 49. Kg4 Rh1 50. Ra7 Ke7 51. Kf5 Rf1+ 52. Kg6 Ke6 53.
Rxd7 Kxd7 54. h7 1-0

[Event "EU-ch (Women) 8th"]
[Site "Dresden"]
[Date "2007.04.06"]
[Round "4"]
[White "Dergatschova Daus, Anna"]
[Black "Moser, Eva"]
[Result "0-1"]
[WhiteElo "2230"]
[BlackElo "2416"]
[PlyCount "107"]
[EventDate "2007.04.03"]
[EventType "swiss"]
[EventRounds "11"]
[EventCountry "GER"]
[SourceTitle "CBM 117 Extra"]
[Source "ChessBase"]
[SourceDate "2007.05.09"]
[SourceVersion "1"]
[SourceVersionDate "2007.05.09"]
[SourceQuality "1"]

1. d4 c5 2. e3 Nf6 3. Nf3 g6 4. Nbd2 Bg7 5. Bc4 O-O 6. dxc5 Qa5 7. O-O Qxc5 8.
a3 Qc7 9. Ba2 b6 10. Nd4 Bb7 11. N2f3 a6 12. c4 d6 13. Bd2 Nbd7 14. Rc1 Rac8
15. b4 Ne4 16. Be1 Qb8 17. c5 bxc5 18. Ne6 Rce8 19. Nxg7 Kxg7 20. bxc5 Ndxc5
21. Bb4 Qa8 22. Qd4+ e5 23. Qd1 Rd8 24. Nh4 Nf6 25. Ba5 Rd7 26. f3 Bd5 27. Rf2
Bxa2 28. Rxa2 Qd5 29. Rd2 Qe6 30. e4 Rb8 31. Rc3 Nb3 32. Rb2 Rdb7 33. Bc7 Rc8
34. Rbxb3 Rcxc7 35. Rxb7 Rxb7 36. h3 d5 37. Qc1 dxe4 38. Rc6 Qd7 39. Rxa6 exf3
40. Nxf3 e4 41. Qa1 Qe7 42. Nh2 h5 43. Nf1 e3 44. Ng3 h4 45. Ne2 Rd7 46. Qe1
Qe5 47. Ra4 Ne4 48. Rb4 Nf2 49. Rb1 Rd2 50. Qf1 Qg5 51. Kh2 Qe5+ 52. Kg1 Qc5
53. Ra1 Qc4 54. Ng3 0-1

[Event "EU-ch (Women) 8th"]
[Site "Dresden"]
[Date "2007.04.05"]
[Round "3"]
[White "Moser, Eva"]
[Black "Zakurdjaeva, Irina"]
[Result "1/2-1/2"]
[WhiteElo "2416"]
[BlackElo "2296"]
[PlyCount "108"]
[EventDate "2007.04.03"]
[EventType "swiss"]
[EventRounds "11"]
[EventCountry "GER"]
[SourceTitle "CBM 117 Extra"]
[Source "ChessBase"]
[SourceDate "2007.05.09"]
[SourceVersion "1"]
[SourceVersionDate "2007.05.09"]
[SourceQuality "1"]

1. d4 d5 2. c4 c6 3. e3 e6 4. Nf3 Bd6 5. Bd3 f5 6. O-O Nf6 7. b3 Qe7 8. Bb2 O-O
9. Qc1 Ne4 10. Ba3 Bxa3 11. Qxa3 Qxa3 12. Nxa3 Nd7 13. Rac1 a5 14. Rfd1 h6 15.
Ne1 g5 16. f3 Nd6 17. c5 Ne8 18. f4 g4 19. Nb1 Ndf6 20. Be2 Ne4 21. Nd3 Bd7 22.
Nc3 Nxc3 23. Rxc3 Nc7 24. Ne5 Rfd8 25. a4 Be8 26. Kf2 Rdb8 27. h3 h5 28. Kg3
Kg7 29. Rb1 Ra7 30. b4 b5 31. bxa5 Rxa5 32. axb5 cxb5 33. Rcb3 Ra2 34. Bf1 Kf6
35. R1b2 Ra1 36. Bd3 Rba8 37. c6 R8a3 38. Rxa3 Rxa3 39. Bxb5 Rxe3+ 40. Kf2 Re4
41. Bd3 Rxd4 42. Ke3 Ra4 43. hxg4 d4+ 44. Kf2 hxg4 45. Rb7 Ra2+ 46. Ke1 Nd5 47.
g3 Ra1+ 48. Kd2 Ra2+ 49. Ke1 Ra1+ 50. Kd2 Ra2+ 51. Kc1 Ra3 52. Kd2 Ra2+ 53. Ke1
Ra1+ 54. Kd2 Ra2+ 1/2-1/2

[Event "EU-ch (Women) 8th"]
[Site "Dresden"]
[Date "2007.04.04"]
[Round "2"]
[White "Padurariu, Ioana Smaranda"]
[Black "Moser, Eva"]
[Result "0-1"]
[WhiteElo "2188"]
[BlackElo "2416"]
[PlyCount "56"]
[EventDate "2007.04.03"]
[EventType "swiss"]
[EventRounds "11"]
[EventCountry "GER"]
[SourceTitle "CBM 117 Extra"]
[Source "ChessBase"]
[SourceDate "2007.05.09"]
[SourceVersion "1"]
[SourceVersionDate "2007.05.09"]
[SourceQuality "1"]

1. e4 e6 2. d4 d5 3. e5 c5 4. c3 Nc6 5. Nf3 Bd7 6. dxc5 Bxc5 7. b4 Bb6 8. Bd3
f6 9. Qe2 Nxe5 10. Nxe5 fxe5 11. Qh5+ Kf8 12. Qxe5 Nf6 13. Be3 Bc7 14. Qg5 Kf7
15. Nd2 e5 16. f3 Re8 17. O-O Kg8 18. Qh4 Bb6 19. Rfe1 e4 20. fxe4 Bxe3+ 21.
Rxe3 Qb6 22. Rae1 Ng4 23. Qg3 Nxe3 24. Rxe3 Rac8 25. e5 Rxc3 26. Kh1 Rc1+ 27.
Bf1 Qxb4 28. Qf2 Qxd2 0-1

[Event "EU-ch (Women) 8th"]
[Site "Dresden"]
[Date "2007.04.03"]
[Round "1"]
[White "Moser, Eva"]
[Black "Rudolph, Anna"]
[Result "1/2-1/2"]
[WhiteElo "2416"]
[BlackElo "2187"]
[PlyCount "58"]
[EventDate "2007.04.03"]
[EventType "swiss"]
[EventRounds "11"]
[EventCountry "GER"]
[SourceTitle "CBM 117 Extra"]
[Source "ChessBase"]
[SourceDate "2007.05.09"]
[SourceVersion "1"]
[SourceVersionDate "2007.05.09"]
[SourceQuality "1"]

1. d4 Nf6 2. Nf3 g6 3. c4 Bg7 4. Nc3 O-O 5. e4 d6 6. Be2 e5 7. O-O exd4 8. Nxd4
Re8 9. f3 c6 10. Kh1 Nh5 11. g4 Nf6 12. Bf4 h5 13. g5 Nh7 14. Rg1 Na6 15. Qd2
Nc7 16. Rad1 Be5 17. Be3 d5 18. cxd5 cxd5 19. f4 Bxd4 20. Qxd4 Qe7 21. e5 b6
22. Bf3 Bb7 23. Qd2 Rad8 24. Ne2 Nf8 25. Nd4 Nfe6 26. Rc1 Nxd4 27. Bxd4 Ne6 28.
Rc2 Rc8 29. Rgc1 Qd7 1/2-1/2

[Event "Bundesliga 0607"]
[Site "Germany"]
[Date "2007.03.18"]
[Round "13.8"]
[White "Moser, Eva"]
[Black "Zysk, Robert"]
[Result "1-0"]
[WhiteElo "2396"]
[BlackElo "2468"]
[PlyCount "69"]
[EventDate "2006.10.28"]
[EventType "team-tourn"]
[EventRounds "15"]
[EventCountry "GER"]
[SourceTitle "CBM 118"]
[Source "ChessBase"]
[SourceDate "2007.05.31"]
[SourceVersion "1"]
[SourceVersionDate "2007.05.31"]
[SourceQuality "1"]
[WhiteTeam "Kreuzberg"]
[BlackTeam "Solingen"]
[WhiteTeamCountry "GER"]
[BlackTeamCountry "GER"]

1. e4 g6 2. d4 Bg7 3. Nc3 d6 4. Be3 a6 5. h3 b5 6. Bd3 Bb7 7. Nce2 Nf6 8. Ng3
h5 9. f3 Nbd7 10. h4 e5 11. d5 c6 12. dxc6 Bxc6 13. Nh3 d5 14. Ng5 O-O 15. O-O
Qe7 16. Qe1 Nc5 17. Qf2 Nfd7 18. Rad1 Nxd3 19. cxd3 b4 20. d4 Bb5 21. Rfe1 dxe4
22. N3xe4 Rfd8 23. d5 Rac8 24. Qd2 a5 25. Nxf7 Qxf7 26. Nd6 Qe7 27. Nxb5 Nf6
28. d6 Qf7 29. a4 e4 30. Bb6 exf3 31. Bxd8 Rxd8 32. gxf3 Qb3 33. Qd3 Qxa4 34.
b3 Qa2 35. Re2 1-0

[Event "Bundesliga 0607"]
[Site "Germany"]
[Date "2007.03.17"]
[Round "12.8"]
[White "Dinstuhl, Volkmar"]
[Black "Moser, Eva"]
[Result "0-1"]
[WhiteElo "2426"]
[BlackElo "2396"]
[PlyCount "114"]
[EventDate "2006.10.28"]
[EventType "team-tourn"]
[EventRounds "15"]
[EventCountry "GER"]
[SourceTitle "CBM 118"]
[Source "ChessBase"]
[SourceDate "2007.05.31"]
[SourceVersion "1"]
[SourceVersionDate "2007.05.31"]
[SourceQuality "1"]
[WhiteTeam "Wattenscheid"]
[BlackTeam "Kreuzberg"]
[WhiteTeamCountry "GER"]
[BlackTeamCountry "GER"]

1. Nf3 Nf6 2. c4 g6 3. Nc3 Bg7 4. e4 O-O 5. d4 c6 6. e5 Ne8 7. Bf4 d6 8. h3 Nd7
9. exd6 Nxd6 10. Be2 Re8 11. Qd2 c5 12. d5 Nb6 13. b3 Ne4 14. Nxe4 Bxa1 15. O-O
Bg7 16. Nxc5 Nd7 17. Nxd7 Bxd7 18. Rd1 e5 19. Bg5 f6 20. Bh6 Bxh6 21. Qxh6 Qe7
22. Qe3 b6 23. d6 Qf8 24. b4 Rab8 25. c5 bxc5 26. bxc5 Rec8 27. Bc4+ Kh8 28.
Nd2 Bc6 29. Nb3 Qg7 30. Na5 Ba4 31. Bb3 Qd7 32. f4 Bxb3 33. Nxb3 Re8 34. fxe5
Rxe5 35. Qc3 Rc8 36. Kh1 Kg7 37. Qd4 h5 38. Rf1 Rce8 39. Kh2 R8e6 40. Qc4 Re4
41. Qc3 Re3 42. Qd4 Re2 43. Qd5 R6e3 44. Kg1 Rg3 45. Rf2 Rg5 46. Qa8 Re1+ 47.
Rf1 Re8 48. Qf3 Rf5 49. Qc3 Rxf1+ 50. Kxf1 Qc6 51. Qf3 Qb5+ 52. Kg1 Re1+ 53.
Kh2 Qe8 54. Qd5 Qe3 55. Qd4 Qg5 56. h4 Qf5 57. d7 Re4 0-1

[Event "AUT-chT 0607"]
[Site "Austria"]
[Date "2007.03.11"]
[Round "11.5"]
[White "Diermair, Andreas"]
[Black "Moser, Eva"]
[Result "1/2-1/2"]
[WhiteElo "2391"]
[BlackElo "2416"]
[PlyCount "223"]
[EventDate "2006.11.03"]
[EventType "team-tourn"]
[EventRounds "11"]
[EventCountry "AUT"]
[SourceTitle "EXT 2008"]
[Source "ChessBase"]
[SourceDate "2007.11.25"]
[SourceVersion "1"]
[SourceVersionDate "2007.11.25"]
[SourceQuality "1"]
[WhiteTeam "Maria Saal"]
[BlackTeam "Graz Styria"]
[WhiteTeamCountry "AUT"]
[BlackTeamCountry "AUT"]

1. e4 e6 2. d4 d5 3. Nc3 Nf6 4. Bg5 dxe4 5. Nxe4 Be7 6. Bxf6 gxf6 7. Nf3 f5 8.
Nc3 a6 9. g3 b5 10. Bg2 Bb7 11. O-O c5 12. Re1 cxd4 13. Nxd4 Bxg2 14. Kxg2 Ra7
15. Re3 Rd7 16. Rd3 Bf6 17. Nce2 O-O 18. Qd2 Qb6 19. Rd1 Rfd8 20. Kg1 Nc6 21.
Nxc6 Rxd3 22. Ne7+ Bxe7 23. cxd3 Qb7 24. Qe3 Qd5 25. b3 Qb7 26. Re1 Rc8 27. Nf4
Bg5 28. h4 Bh6 29. Qe5 Qc7 30. Qf6 Bg7 31. Qg5 Qc3 32. Re2 Qf6 33. Qh5 Rc1+ 34.
Kg2 Qc3 35. Qf3 Qc6 36. Qxc6 Rxc6 37. h5 Bh6 38. Kf3 Rc3 39. g4 fxg4+ 40. Kxg4
Kf8 41. Nxe6+ fxe6 42. Rxe6 Bd2 43. Rxa6 Rxd3 44. Ra8+ Ke7 45. Ra7+ Rd7 46.
Rxd7+ Kxd7 47. a4 b4 48. Kf5 Ke7 49. Ke5 Be1 50. f3 Kf7 51. Kf5 Bg3 52. Kg5 Bc7
53. Kf5 h6 54. Ke4 Kf6 55. f4 Ke6 56. Kd4 Bxf4 57. Kc5 Bd2 58. a5 Kd7 59. Kb6
Kd6 60. a6 Be3+ 61. Kb5 Bc5 62. Kc4 Kc6 63. a7 Bxa7 64. Kxb4 Kd5 65. Kc3 Ke4
66. Kd2 Kf3 67. Ke1 Kg2 68. Ke2 Bf2 69. b4 Bb6 70. Ke1 Ba7 71. Ke2 Bf2 72. b5
Bb6 73. Ke1 Kf3 74. Kd2 Bf2 75. Kd1 Bc5 76. Ke1 Bb6 77. Kd2 Kf2 78. Kd3 Kf3 79.
Kd2 Bf2 80. Kd1 Bc5 81. Kd2 Bb4+ 82. Kd3 Ba5 83. Kd4 Bb6+ 84. Kd3 Be3 85. Kc2
Ke2 86. Kc3 Bb6 87. Kc4 Ke3 88. Kc3 Bd4+ 89. Kc2 Ke2 90. Kc1 Bb6 91. Kc2 Ba5
92. Kc1 Bb6 93. Kc2 Bd4 94. Kc1 Kd3 95. Kd1 Bf2 96. Kc1 Ke2 97. Kc2 Be3 98. Kc3
Kf2 99. Kd3 Kf3 100. Kc2 Ba7 101. Kd2 Bf2 102. Kd3 Be1 103. b6 Bg3 104. b7 Bf4
105. Kd4 Kg4 106. Ke4 Bb8 107. Ke3 Ba7+ 108. Ke2 Kg3 109. Kf1 Kh2 110. Ke1 Kg1
111. Ke2 Kg2 112. Ke1 1/2-1/2